Pinback Song by Lyric - Statistics

General Stats
  • This quiz has been taken 4 times
  • The average score is 22 of 30
Answer Stats
Lyric Song % Correct
Anything I say to you is gonna come out wrong anyways Concrete Seconds
100%
Such a long way down, such a big big bad, such a bright white light Crutch
100%
The simple pleasures nature gave me, then try to tax them all Grey Machine
100%
Kick it right out of frame, does it matter? How We Breathe
100%
How far will I go to protect my hide Hurley
100%
Pave the way for the manta ray Lyon
100%
I wanna take the waves, I wanna take the waves Montaigne
100%
She's posting all hte time, but the boards are down, it's a burnt-out building Non-Photo Blue
100%
The drones are near, the drones are near Rousseau
100%
There is a message from the company, on your way to the park Sediment
100%
Push the little baby down the spiral stairs Shag
100%
Play that song again and go to Hell when you die Talby
100%
He's gonna go down, and gonna come back again Tripoli
100%
Anyone else would slit from sleevev to shoulder Walters
100%
It's good to be sad, sometimes there's no need to hide your doe eyes West
100%
She's my little sad eyes, I'm her bluest boy Avignon
50%
Some day I will sail again, to a distant shore, far away Boo
50%
I adjust the time, for you to be here Bouquet
50%
Never sure to go for we fear the empire Byzantine
50%
I saw you, asleep in the car, on the first wave out of a fallen town Clemenceau
50%
Within a closed system, within a closed system Hatenaughts of Melancholy Wall
50%
Why do I assume these things are bad, bad, burnt down, burnt down June
50%
And the Ripped ones never collide Loro
50%
When the Earth is mined, the water and the seas have all been wiped Off by 50
50%
I'll wake you when the sky is falling, down Todo
50%
Lives on sand, craves the ocean, two that look, won't see the same thing Trainer
50%
Please look it over, everything else is just a distraction True North
50%
He asked the moon to come back to our side Versailles
50%
I might fall, I might break down, no one can astound you there Drawstring
0%
Inside the hurricane her mind gets blown Some Voices
0%
No matching quizzes found
Score Distribution
Percent of People with Each Score
Percentile by Number Answered
Your Score History
You have not taken this quiz